00227nam a2200097Ia 4500008004100000082001300041100001700054245002200071260000900093264002700102231129s1973||||xx |||||||||||||| ||spa|| aGOR- 139 aPaz Octavio 0aEl arco y la lira c1973 aMéxico: Cemont 1973